000 01587nam0a2200361 i 4500
001 RU\NLR\BIBL_A\010361572
005 20260408000518.0
010 _a9785906550026
_9500
021 _aRU
_b2014-1503и
_9111и
035 _a(NILC)RuMoRGB-007487825
035 _a(NLR Aleph) 010361572
090 _a9578423
_c9578423
100 _a20140528d2014 m y0rusy50 ba
101 0 _aeng
_arus
102 _aRU
105 _aa z 000yy
200 1 _aSSUR Traficante
_e[on the occasion of the Exhibition of Russ Karablin "Traficante", 17-26 January 2014, Triumph Gallery
_ftransl. Nikita Gurin]
210 _aMoscow
_c[s.n.]
_d2014
215 _a32 с.
_cцв. ил.
_d21
300 _aТекст парал. на англ. и рус. яз.
541 0 _aSSUR Traficante
_eВыставка Руслана Караблина в "Триумф" галерее
600 1 _aКараблин
_bР.
_gРуслан
_jКаталоги
_xВыставки
_yМосква, город
_z2014
_92212764
_3RU\NLR\AUTH\6601562914
601 0 2 _aТриумф, галерея
_cМосква, город
_jКаталоги
_xВыставки
_z2014
_92192885
_3RU\NLR\AUTH\6601553719
686 1 _aЩ103(7США)6-8Караблин л62
686 1 _aЩ101.3(2Р)-2Москва2"Триумф" галерея
702 1 _aKarablin
_bR.
_gRuss
_4040
_4570
711 0 2 _8eng
_aTriumph, gallery
_cMoscow
_7ba
_3RU\NLR\AUTH\8810164354
_9824767
801 0 _aRU
_bРГБ
_c20140512
_gRCR
801 1 _aRU
_bРГБ
_c20140512
_2rusmarc
942 _cBOOK
980 _aNBR